000 00961cam a2200205 4500
001 L136583
008 070208n2005 000 0 eng u
035 _a(Sirsi) u136583
041 0 _aeng
100 1 _aYing, Fei J.
245 0 0 _aImproving time performance for asset owning clients
_h[electronic resource]
260 _aLondon
_bRICS
_c2005
490 0 _aCOBRA
_v2005
520 _aDiscusses the factors that affect construction time performance, such as instance adequate project scoping, planning and scheduling. Discusses specific characteristics of infrastructure asset management projects, where projects are primarily based on managing and improving assets, and where company culture is influential.
651 4 _aNEW ZEALAND
690 _aPROPERTY-BUSINESS ASSETS
700 1 _aWilkinson, Suzanne
856 4 0 _uhttps://www.rics.org/site/scripts/download_info.aspx?downloadID=2616
_zView the item free of charge at www.rics.org...
942 _n0
999 _c106444
_d106444